00376nam a2200133Ia 4500008004100000020001500041041001200056082002300068100002100091245004700112260002700159300001400186650004200200231217s9999 xx 000 0 und d a8178815370 aEnglish a331.256 RED2;1 R aSumati Reddy ed. 0aWork force diversity : global experiences c2005bIcfaiaHyderabad aviii, 180 aforce,diversity, , globa, experiences